Effectif 2023/2024 par Images - Manchester City - Statistiques

Statistiques générales
  • Ce quiz a été pris 163 fois
  • Le résultat moyen est 19 sur 21
Statistiques - réponses
Par images Réponse % Correct
Ederson Moraes
99%
Erling Haaland
99%
Kevin De Bruyne
99%
Kyle Walker
99%
Phil Foden
99%
Bernardo Silva
98%
Jack Grealish
98%
Rodrigo Hernández
98%
Jérémy Doku
97%
Julián Álvarez
97%
Nathan Aké
97%
Rúben Dias
97%
Manuel Akanji
95%
John Stones
94%
Joško Gvardiol
94%
Mateo Kovačić
90%
Rico Lewis
78%
Stefan Ortega
76%
Matheus Nunes
69%
Oscar Bobb
65%
Sergio Gómez
40%
Aucun quiz correspondant
Distribution des résultats
% des personnes avec chaque résultat
Percentile par nombre de réponses
Votre historique - résultats
Vous n’avez pas pris ce quiz